000 00293nam a22001337a 4500
008 181003b xxu||||| |||| 00| 0 eng d
020 _a9780297796565
041 _aeng
080 _a94
100 _a17
101 _aHIS
245 _aChronicles of the crusades
_cHallam,E
942 _2udc
_cBK
999 _c48796
_d48796